<?xml version="1.0" encoding="UTF-8"?><?xml-stylesheet type="text/xsl" href="static/style.xsl"?><OAI-PMH xmlns="http://www.openarchives.org/OAI/2.0/" xmlns:xsi="http://www.w3.org/2001/XMLSchema-instance" xsi:schemaLocation="http://www.openarchives.org/OAI/2.0/ http://www.openarchives.org/OAI/2.0/OAI-PMH.xsd"><responseDate>2026-06-06T04:18:52Z</responseDate><request verb="GetRecord" identifier="oai:riuma.uma.es:10630/39006" metadataPrefix="marc">https://riuma.uma.es/rest/oai/request</request><GetRecord><record><header><identifier>oai:riuma.uma.es:10630/39006</identifier><datestamp>2026-02-03T10:24:51Z</datestamp><setSpec>com_10630_1685</setSpec><setSpec>col_10630_38055</setSpec></header><metadata><record xmlns="http://www.loc.gov/MARC21/slim" xmlns:dcterms="http://purl.org/dc/terms/" xmlns:doc="http://www.lyncode.com/xoai" xmlns:xsi="http://www.w3.org/2001/XMLSchema-instance" xsi:schemaLocation="http://www.loc.gov/MARC21/slim http://www.loc.gov/standards/marcxml/schema/MARC21slim.xsd">
   <leader>00925njm 22002777a 4500</leader>
   <datafield ind2=" " ind1=" " tag="042">
      <subfield code="a">dc</subfield>
   </datafield>
   <datafield ind2=" " ind1=" " tag="720">
      <subfield code="a">Pascual-Mellado, Alejandro</subfield>
      <subfield code="e">author</subfield>
   </datafield>
   <datafield ind2=" " ind1=" " tag="260">
      <subfield code="c">2024-06</subfield>
   </datafield>
   <datafield ind2=" " ind1=" " tag="520">
      <subfield code="a">La información clínica de los sistemas de salud en España se guarda mayormente&#xd;
como texto no estructurado en historias clínicas electrónicas. Extraer datos&#xd;
importantes de estos documentos es crucial, especialmente en oncología donde&#xd;
identificar información como el TNM, los valores de los receptores hormonales,&#xd;
la posibilidad de una recidiva o la ubicación de las neoplasias es de carácter vital.&#xd;
En este estudio, desarrollaremos metodologías de procesamiento del lenguaje&#xd;
natural (PLN) basadas en modelos transformer para extraer esta información.&#xd;
Otro de los objetivos de este trabajo es comparar los resultados con los previamente&#xd;
obtenidos usando técnicas de machine learning, se explicaran brevemente&#xd;
las técnicas en cuestión y los resultados que obtuvieron para el problema.&#xd;
Paralelamente, en este trabajo se expone de forma clara el proceso de desarrollo&#xd;
y las funcionalidades que ofrece una aplicación que se ha diseñado con objetivo&#xd;
aportar información estadística sobre Real World Data (RWD) en los hospitales&#xd;
que se encuentren en asociación con el grupo de Inteligencia Computacional en&#xd;
Biomedicina (ICB) y la Sociedad Española de Oncología Médica (SEOM). El principal&#xd;
análisis estadístico que se pretende proporcionar es el de supervivencia de&#xd;
Kaplan-Maier, aunque se desarrollaran algunos mas generales.</subfield>
   </datafield>
   <datafield ind1="8" ind2=" " tag="024">
      <subfield code="a">https://hdl.handle.net/10630/39006</subfield>
   </datafield>
   <datafield tag="653" ind2=" " ind1=" ">
      <subfield code="a">Informática - Trabajos Fin de Grado</subfield>
   </datafield>
   <datafield tag="653" ind2=" " ind1=" ">
      <subfield code="a">Grado en Ingeniería de la Salud - Trabajos Fin de Grado</subfield>
   </datafield>
   <datafield tag="653" ind2=" " ind1=" ">
      <subfield code="a">Minería de datos</subfield>
   </datafield>
   <datafield tag="653" ind2=" " ind1=" ">
      <subfield code="a">Procesamiento en lenguaje natural (Informática)</subfield>
   </datafield>
   <datafield ind2="0" ind1="0" tag="245">
      <subfield code="a">Clasificación de neoplasias mediante procesamiento de textos para el estudio de supervivencia poblacional.</subfield>
   </datafield>
</record>
</metadata></record></GetRecord></OAI-PMH>